书目信息 |
| 题名: |
振动与波动物理学
|
|
| 作者: | 佩因 著 ;陈难先 , 赫松安 译 | |
| 分册: | ||
| 出版信息: | 北京 人民教育出版社 1980 |
|
| 页数: | 386页 | |
| 开本: | 21cm | |
| 丛书名: | ||
| 单 册: | ||
| 中图分类: | O32 | |
| 科图分类: | ||
| 主题词: | 振动理论 , 波动力学 | |
| 电子资源: | ||
| ISBN: | ||
| 000 | 00852nam0 2200289 45 | |
| 001 | 0180005591 | |
| 005 | 20060817144426.42 | |
| 010 | @dCNY1.10 | |
| 091 | @aCN@b13012.0443 | |
| 100 | @a19950620d1980 em y0chiy0121 ea | |
| 101 | 1 | @achi@ceng |
| 102 | @aCN@b110000 | |
| 105 | @ay z 000yy | |
| 200 | 10 | @a振动与波动物理学@Azhen dong yu bo dong wu li xue@f(英)H.J. 佩因著@g陈难先, 赫松安译 |
| 210 | @a北京@c人民教育出版社@d1980 | |
| 215 | @a386页@d21cm | |
| 300 | @a书名原文:The physics of vibrations and waves | |
| 510 | 1 | @aThe physics of vibrations and waves@zeng |
| 606 | @a振动理论 | |
| 606 | @a波动力学 | |
| 690 | @aO32@v3 | |
| 701 | 1 | @a佩因@Apei yin@bH.J.@4著 |
| 702 | 0 | @a陈难先@Achen nan xian@4译 |
| 702 | 0 | @a赫松安@Ahe song an@4译 |
| 801 | 2 | @aCN@bNLC@c20060817 |
| 801 | 0 | @aCN@bTSSF@c20060731 |
| 905 | @a10447@dO32@e14 | |
| 振动与波动物理学/(英)H.J. 佩因著/陈难先, 赫松安译.-北京:人民教育出版社,1980 |
| 386页;21cm |
| 书名原文:The physics of vibrations and waves |
| ISBN :CNY1.10 |
| ● |
| 相关链接 |
|
|
|
|
正题名:振动与波动物理学
索取号:O32/14
 
预约/预借
| 序号 | 登录号 | 条形码 | 馆藏地/架位号 | 状态 | 备注 |
| 1 | 0434008 | 204340089 | 密集书库/ [索取号:O32/14] | 在馆 | |
| 2 | 0442589 | 204425899 | 密集书库/ [索取号:O32/14] | 在馆 | |
| 3 | 0468420 | 204684207 | 密集书库/ [索取号:O32/14] | 在馆 |